[Event "FRA-chT3 Gr14 0607"]
[Site "France"]
[Date "2007.01.21"]
[Round "5.8"]
[White "Delome, Emmanuelle"]
[Black "Scherno, Catherine"]
[Result "1-0"]
[WhiteElo "1610"]
[BlackElo "1520"]
[PlyCount "75"]
[EventDate "2006.10.15"]
[EventType "team-tourn"]
[EventRounds "9"]
[EventCountry "FRA"]
[SourceTitle "EXT 2008"]
[Source "ChessBase"]
[SourceDate "2007.11.25"]
[SourceVersion "1"]
[SourceVersionDate "2007.11.25"]
[SourceQuality "1"]

1. d4 d5 2. c4 c6 3. Nf3 Nf6 4. Nc3 Bf5 5. Bg5 Nbd7 6. e3 h6 7. Bh4 e6 8. Bd3 Bxd3 9. Qxd3 Be7 10. 0-0 0-0 11. Rfe1 Re8 12. h3 Nf8 13. Rad1 Ng6 14. Bg3 Rc8 15. a3 a5 16. e4 b6 17. Ne5 Nxe5 18. dxe5 Nh5 19. exd5 Nxg3 20. Qxg3 cxd5 21. cxd5 Bh4 22. Qf3 Qc7 23. d6 Qd7 24. Re4 Bd8 25. Qe2 Rf8 26. f4 f6 27. Rf1 Rb8 28. Qb5 Qb7 29. Qc4 Qd7 30. a4 f5 31. Re2 Bh4 32. Nb5 Rfc8 33. Nc7 Kf7 34. Rc2 g5 35. fxg5 hxg5 36. Rxf5+ Kg6 37. Rf6+ Kh5 38. Qg4# 1-0